A study of the Indian social milieu in the selected poems of Nissim Ezekiel / (Record no. 23062)

MARC details
000 -LEADER
fixed length control field 00943nam a22002297a 4500
008 - FIXED-LENGTH DATA ELEMENTS--GENERAL INFORMATION
fixed length control field 090205t xxu||||| |||| 00| 0 eng d
010 ## - LCCN (DPL NO)
LC control number ENG-92880
020 ## - INTERNATIONAL STANDARD BOOK NUMBER
Terms of availability 75.00
035 ## - SYSTEM CONTROL NUMBER
System control number EN-76413
037 ## - SOURCE OF ACQUISITION
Source of stock number/acquisition DBAD / PUB
040 ## - CATALOGING SOURCE
Original cataloging agency dpl
Language of cataloging English
082 ## - DEWEY DECIMAL CLASSIFICATION NUMBER
Classification number 881.08
100 ## - MAIN ENTRY--PERSONAL NAME
Personal name Muthulakshmi, M.
245 ## - TITLE STATEMENT
Title A study of the Indian social milieu in the selected poems of Nissim Ezekiel /
Statement of responsibility, etc by M. Muthulakshmi
260 ## - PUBLICATION, DISTRIBUTION, ETC. (IMPRINT)
Place of publication, distribution, etc Chennai
Name of publisher, distributor, etc The Parkar
Date of publication, distribution, etc 2008
270 ## - ADDRESS
Address 293, Ahamed Complex, 2nd Floor, Royapettah High Road, Royapettah
City Chennai
Postal code 600014
300 ## - PHYSICAL DESCRIPTION
Extent 100p.
Dimensions 22cm (pbk)
500 ## - GENERAL NOTE
General note Includes bibliographical references
600 ## - SUBJECT ADDED ENTRY--PERSONAL NAME
Personal name Ezekiel, Nissim,1924-2004
General subdivision Criticism and interpretation.
942 ## - ADDED ENTRY ELEMENTS (KOHA)
Source of classification or shelving scheme Dewey Decimal Classification
Item type English Books
Call number suffix MUT
Classification part 881.08
Holdings
Withdrawn status Lost status Source of classification or shelving scheme Damaged status Not for loan Collection code Home library Current library Date acquired Source of acquisition Cost, normal purchase price Total Checkouts Full call number Barcode Date last seen Copy number Cost, replacement price Koha item type
    Dewey Decimal Classification   Not For Loan Non-fiction D.B.Act.Division D.B.Act.Division 05/02/2009 DBAD / PUB 75.00   881.08 MUT EN-76413 05/02/2009 1 75.00 English Books

© Delhi Public Library
Hit Counter
free hit counter